|
|
|
|
| LEADER |
00000cam a2200000 a 4500 |
| 001 |
84025-3 |
| 005 |
20230308171628.0 |
| 008 |
000000| ||||||||r|||||||||||spa|| |
| 020 |
|
|
|a 8420620602
|
| 040 |
|
|
|b spa
|
| 041 |
1 |
|
|a spa
|
| 082 |
0 |
|
|a 940.18
|
| 100 |
1 |
|
|9 62190
|a Runciman, Steven
|
| 245 |
1 |
1 |
|a Historia de las cruzadas
|b El reino de Acre y las últimas cruzadas
|c Steven Runciman
|h imp
|n tomo 3
|
| 264 |
|
|
|a Madrid
|b Alianza Editorial
|
| 300 |
|
|
|a 489 páginas:
|c 20 cm
|
| 504 |
|
|
|a incl. ref.
|
| 650 |
1 |
|
|a Cruzadas
|9 159
|
| 650 |
1 |
|
|a Tercera cruzada
|9 62194
|
| 650 |
1 |
|
|a Cruzadas descarriadas
|9 62195
|
| 650 |
1 |
|
|a Mongoles y malelucos
|9 62196
|
| 650 |
1 |
|
|a Ultramar
|9 62197
|
| 852 |
|
|
|a UC-CDJBV
|c TERCER PISO
|f Donación
|k guillermina.martinez
|l 1
|m General
|p 00000000
|r 2
|t 84025-3
|b 0
|d CDRC
|e CDRC
|g 940.18 TERCER PISO
|z 0000-00-00
|
| 942 |
|
|
|c BK
|
| 999 |
|
|
|c 36896
|d 36896
|